[Event "ch-Lisboa"]
[Site "Lisboa"]
[Date "2017.05.25"]
[Round "2.4"]
[White "Guerreiro, Paulo Jorge Leitao"]
[Black "Pereira, Fernando"]
[Result "1/2-1/2"]
[WhiteElo "1790"]
[BlackElo "2067"]
[Annotator "pjguerreiro"]
[PlyCount "116"]
[EventDate "2017.05.18"]
[EventType "swiss"]
[EventRounds "7"]
[EventCountry "POR"]

1. c4 Nf6 2. Nc3 c5 3. g3 d5 4. cxd5 Nxd5 5. Bg2 Nc7 6. Nf3 Nc6 7. O-O e5 8. d3
Be7 9. b3 O-O 10. Bb2 b6 11. Ne4 f5 12. Ned2 Bf6 13. Rb1 Qe7 14. e4 Rd8 15. Qe2
Nb4 16. Ne1 Rb8 17. a3 Nba6 18. Nef3 fxe4 19. dxe4 Bg4 20. Rfd1 Rd7 21. Nc4
Rbd8 22. Ne3 Rxd1+ 23. Rxd1 Rxd1+ 24. Qxd1 Bxf3 25. Bxf3 Ne6 26. Bg4 Nd4 27.
Qd3 Nc7 28. a4 Qf7 29. Nc4 Qe7 30. Ne3 Qf7 31. Nc4 h5 32. Bd1 h4 33. Kg2 Qg6
34. Ne3 Nce6 35. Nd5 Nf4+ 36. Nxf4 exf4 37. Bc1 fxg3 38. hxg3 hxg3 39. fxg3 Be5
40. Bd2 Kh7 41. Kh2 Qf6 42. Bf4 Bxf4 43. e5+ Qg6 44. Qxg6+ Kxg6 45. gxf4 Kf5
46. Kg3 Ke6 47. Kg4 Nf5 48. Kg5 Ne7 49. Bf3 a6 50. Be2 a5 51. Bc4+ Kd7 52. f5
Ke8 53. f6 gxf6+ 54. exf6 Nc8 55. f7+ Ke7 56. Kg6 Nd6 57. Kg7 Nf5+ 58. Kg8 Nh6+
1/2-1/2

[Event "ch-Lisboa"]
[Site "Lisboa"]
[Date "2017.06.01"]
[Round "3.3"]
[White "Eggert, Alberto"]
[Black "Guerreiro, Paulo Jorge Leitao"]
[Result "1-0"]
[WhiteElo "2110"]
[BlackElo "1790"]
[Annotator "pjguerreiro"]
[PlyCount "25"]
[EventDate "2017.05.18"]
[EventType "swiss"]
[EventRounds "7"]
[EventCountry "POR"]

1. e4 c6 2. d4 d5 3. exd5 cxd5 4. c4 Nf6 5. Nc3 e6 6. Bg5 Be7 7. Nf3 Nc6 8. c5
O-O 9. Bb5 Ne4 10. Nxe4 dxe4 11. Bxc6 exf3 12. Bxe7 fxg2 13. Bxd8 1-0

[Event "ch-Lisboa"]
[Site "Lisboa"]
[Date "2017.06.22"]
[Round "6.10"]
[White "Martins, Abilio Morgado"]
[Black "Guerreiro, Paulo Jorge Leitao"]
[Result "1/2-1/2"]
[WhiteElo "1528"]
[BlackElo "1790"]
[Annotator "pjguerreiro"]
[PlyCount "100"]
[EventDate "2017.05.18"]
[EventType "swiss"]
[EventRounds "7"]
[EventCountry "POR"]

1. Nf3 d5 2. d4 Nf6 3. g3 Bf5 4. Bg2 e6 5. O-O Be7 6. b3 O-O 7. Bb2 c5 8. dxc5
Bxc5 9. e3 Nc6 10. a3 Rc8 11. Nbd2 Qe7 12. Re1 Rfd8 13. c3 Bg6 14. Nd4 Ne5 15.
Bf1 Nd3 16. Bxd3 Bxd3 17. N2f3 Bg6 18. b4 Bb6 19. Ne5 Ne4 20. Rc1 Nd6 21. Nxg6
hxg6 22. a4 Nc4 23. Ba1 a6 24. a5 Ba7 25. Nf3 Rc7 26. Nd2 Qf6 27. Kg2 Rdc8 28.
Nxc4 Rxc4 29. Qd2 Qf5 30. f3 R8c6 31. Bb2 Qe5 32. Re2 Qc7 33. Ree1 Qc8 34. h3
Bb8 35. h4 Be5 36. Re2 Bxc3 37. Bxc3 Rxc3 38. Rxc3 Rxc3 39. Qb2 Qc4 40. Kf2 Rb3
41. Qe5 Qxb4 42. Qb8+ Kh7 43. Qc7 d4 44. Qxf7 d3 45. h5 gxh5 46. Qxh5+ Kg8 47.
Qe8+ Qf8 48. Qxe6+ Qf7 49. Qc8+ Kh7 50. Qh3+ Kg8 1/2-1/2

[Event "ch-Lisboa"]
[Site "Lisboa"]
[Date "2017.06.29"]
[Round "7.9"]
[White "Guerreiro, Paulo Jorge Leitao"]
[Black "Marques, Rui Filipe Pereira"]
[Result "1/2-1/2"]
[WhiteElo "1790"]
[BlackElo "1955"]
[Annotator "pjguerreiro"]
[PlyCount "49"]
[EventDate "2017.05.18"]
[EventType "swiss"]
[EventRounds "7"]
[EventCountry "POR"]

1. c4 e5 2. g3 g6 3. Bg2 Bg7 4. d3 d6 5. Nc3 Nc6 6. e3 f5 7. Nge2 Nf6 8. O-O
O-O 9. Rb1 Be6 10. b4 d5 11. cxd5 Nxd5 12. Nxd5 Bxd5 13. Bxd5+ Qxd5 14. Qb3
Rad8 15. Bd2 Ne7 16. b5 Qxb3 17. Rxb3 Rd7 18. Bb4 Rfd8 19. Bxe7 Rxe7 20. Rc1
Rd6 21. Rbc3 Red7 22. d4 exd4 23. Nxd4 Bxd4 24. exd4 Rxd4 25. Rxc7 1/2-1/2

[Event "ch-Lisboa"]
[Site "Lisboa"]
[Date "2017.05.18"]
[Round "1.1"]
[White "Galinha, Otelo"]
[Black "Carneiro, Carlos Alberto Carv"]
[Result "0-1"]
[WhiteElo "1625"]
[BlackElo "2166"]
[PlyCount "80"]
[EventDate "2017.05.18"]
[EventType "swiss"]
[EventRounds "7"]
[EventCountry "POR"]

1. e4 c5 2. Nf3 Nc6 3. d4 cxd4 4. Nxd4 g6 5. Nc3 Bg7 6. Be3 Nf6 7. f3 O-O 8.
Qd2 d5 9. O-O-O dxe4 10. Nxc6 Qxd2+ 11. Rxd2 bxc6 12. Nxe4 Nd5 13. Rd3 Nxe3 14.
Rxe3 Bh6 15. Kd2 Bf5 16. Bd3 Rfd8 17. Ke2 Bxe3 18. Kxe3 Rab8 19. b3 Bxe4 20.
Kxe4 Rd6 21. Kf4 f6 22. Re1 e5+ 23. Kg4 Kf7 24. Kg3 Re8 25. Re4 Rd4 26. Re2 f5
27. f4 exf4+ 28. Kf3 Rxe2 29. Kxe2 Kf6 30. Ba6 Ke5 31. Bb7 Rd7 32. Bc8 Rd8 33.
Bb7 g5 34. h3 g4 35. h4 f3+ 36. gxf3 g3 37. Kf1 Kf4 38. Bxc6 Rd2 39. Kg1 Rxc2
40. Bd5 Rxa2 0-1

[Event "ch-Lisboa"]
[Site "Lisboa"]
[Date "2017.05.18"]
[Round "1.2"]
[White "Eggert, Alberto"]
[Black "Azevedo, Manuel Roque"]
[Result "1-0"]
[WhiteElo "2110"]
[BlackElo "1622"]
[PlyCount "35"]
[EventDate "2017.05.18"]
[EventType "swiss"]
[EventRounds "7"]
[EventCountry "POR"]

1. e4 e6 2. d4 d5 3. Bd3 dxe4 4. Bxe4 Nf6 5. Bf3 Be7 6. c4 O-O 7. Ne2 Nbd7 8.
Bf4 Nb6 9. Qb3 a5 10. O-O Ra7 11. Nbc3 Bd7 12. a4 c6 13. Rfd1 Nc8 14. c5 Nd5
15. Bb8 b6 16. Bxa7 Nxa7 17. cxb6 Qxb6 18. Bxd5 1-0

[Event "ch-Lisboa"]
[Site "Lisboa"]
[Date "2017.05.18"]
[Round "1.3"]
[White "Pinto, Antonio Manuel"]
[Black "Pires, Emanuel Joao Robart"]
[Result "0-1"]
[WhiteElo "1574"]
[BlackElo "2070"]
[PlyCount "42"]
[EventDate "2017.05.18"]
[EventType "swiss"]
[EventRounds "7"]
[EventCountry "POR"]

1. Nf3 d5 2. g3 c5 3. Bg2 Nf6 4. O-O Nc6 5. d4 e6 6. b3 b6 7. Bb2 Be7 8. Nbd2
O-O 9. c4 Bb7 10. Ne5 Nxd4 11. Bxd4 cxd4 12. Qc2 Qc7 13. f4 Rac8 14. Qb2 Bb4
15. Rad1 Rfd8 16. Qc2 dxc4 17. Qxc4 Bxg2 18. Qxc7 Rxc7 19. Kxg2 Nd5 20. Ndc4 b5
21. e4 dxe3 0-1

[Event "ch-Lisboa"]
[Site "Lisboa"]
[Date "2017.05.18"]
[Round "1.5"]
[White "Guia, Artur Solovyov Eloy"]
[Black "Santos, Jose Guilherme B Li"]
[Result "0-1"]
[WhiteElo "1550"]
[BlackElo "1956"]
[PlyCount "148"]
[EventDate "2017.05.18"]
[EventType "swiss"]
[EventRounds "7"]
[EventCountry "POR"]

1. e4 c5 2. Nf3 Nc6 3. d4 cxd4 4. Nxd4 Nf6 5. Nc3 d6 6. Be3 e6 7. Be2 Be7 8.
O-O O-O 9. f4 a6 10. Qe1 Qc7 11. Qg3 Nxd4 12. Bxd4 b5 13. a3 Bb7 14. Bf3 Rac8
15. e5 dxe5 16. Bxe5 Qb6+ 17. Kh1 Rfd8 18. Rac1 Ne8 19. Bxb7 Qxb7 20. Rcd1 a5
21. Rxd8 Rxd8 22. Rd1 Rxd1+ 23. Nxd1 f6 24. Bc3 b4 25. axb4 axb4 26. Bd2 Qb5
27. Qd3 Qxd3 28. cxd3 Bc5 29. Be3 Bd6 30. Nf2 f5 31. Kg1 Nf6 32. g3 Nd5 33. Bd4
Kf7 34. Nd1 Ne7 35. Ne3 Nc6 36. Bb6 g6 37. Nc4 Ke7 38. Kf2 e5 39. fxe5 Bxe5 40.
Nxe5 Nxe5 41. Ke2 Kd6 42. Be3 Kd5 43. h3 Nc6 44. Kd2 Nd4 45. Kd1 Ne6 46. Ke2 g5
47. Kf3 h5 48. h4 g4+ 49. Ke2 Ke5 50. Kf2 f4 51. Bd2 fxg3+ 52. Kxg3 Kd4 53.
Bxb4 Kxd3 54. Bc3 Nd4 55. Be1 Nc2 56. Bc3 Ne3 57. Be5 Nf5+ 58. Kf4 Nxh4 59. Kg5
Nf3+ 60. Kxh5 Nxe5 61. Kh4 Kc4 62. Kg3 Kb3 63. Kf4 Kxb2 64. Kg3 Kc3 65. Kf4 Kd3
66. Kg3 Ke3 67. Kg2 Kf4 68. Kf2 g3+ 69. Kg2 Kg4 70. Kf1 Nf3 71. Kg2 Ne1+ 72.
Kf1 g2+ 73. Kf2 Kh3 74. Kg1 Nf3+ 0-1

[Event "ch-Lisboa"]
[Site "Lisboa"]
[Date "2017.05.18"]
[Round "1.6"]
[White "Marques, Rui Filipe Pereira"]
[Black "Martins, Abilio Morgado"]
[Result "1/2-1/2"]
[WhiteElo "1955"]
[BlackElo "1528"]
[PlyCount "106"]
[EventDate "2017.05.18"]
[EventType "swiss"]
[EventRounds "7"]
[EventCountry "POR"]

1. e4 c5 2. Nf3 e6 3. d4 cxd4 4. Nxd4 a6 5. Bd3 g6 6. O-O Bg7 7. Be3 Ne7 8. Nc3
O-O 9. Qd2 Nbc6 10. Nf3 d5 11. Bh6 d4 12. Ne2 e5 13. h3 Be6 14. Bxg7 Kxg7 15.
Ng5 Qd6 16. a3 h6 17. Nxe6+ fxe6 18. f4 exf4 19. Nxf4 e5 20. Ne2 b5 21. a4 b4
22. Rxf8 Rxf8 23. Bxa6 g5 24. Ng3 Qg6 25. Qe2 Kh7 26. Bd3 Na5 27. b3 Rf4 28.
Rf1 Nac6 29. Rxf4 gxf4 30. Nf5 Ng8 31. Qf3 Nf6 32. g3 h5 33. Kh2 fxg3+ 34. Qxg3
Qxg3+ 35. Kxg3 Kg6 36. Kh4 Na5 37. Ng3 Nc6 38. Bc4 Na5 39. Be2 Kh6 40. Bf3 d3
41. cxd3 Nxb3 42. Nxh5 Nd7 43. Bd1 Na5 44. Ng3 Nc5 45. d4 exd4 46. Nf5+ Kg6 47.
Nxd4 Kf6 48. Kg3 Nxe4+ 49. Kf4 Nc5 50. h4 b3 51. Nxb3 Ncxb3 52. h5 Nc5 53. Bc2
Kg7 1/2-1/2

[Event "ch-Lisboa"]
[Site "Lisboa"]
[Date "2017.05.18"]
[Round "1.7"]
[White "Mouquinho, Jose Francisco B"]
[Black "Santos, Micael"]
[Result "0-1"]
[WhiteElo "1473"]
[BlackElo "1940"]
[PlyCount "80"]
[EventDate "2017.05.18"]
[EventType "swiss"]
[EventRounds "7"]
[EventCountry "POR"]

1. e4 Nc6 2. d4 d6 3. Nc3 e5 4. Be3 Nf6 5. Bb5 Bd7 6. Nf3 Be7 7. O-O O-O 8. h3
Re8 9. a3 exd4 10. Nxd4 Bf8 11. Nxc6 bxc6 12. Bd3 Rb8 13. Rb1 Rb7 14. Bg5 h6
15. Bh4 g5 16. Bg3 Bg7 17. Re1 Re7 18. e5 Ne8 19. exd6 cxd6 20. Qd2 Rxe1+ 21.
Qxe1 d5 22. b3 Bc8 23. Qd2 Re7 24. Re1 Nd6 25. Na4 Qe8 26. Rxe7 Qxe7 27. Bxd6
Qxd6 28. Qe2 Bd7 29. b4 Qf6 30. c3 Qf4 31. Qe1 Be5 32. g3 Qf6 33. Kh2 h5 34.
Qe3 h4 35. Nc5 Bc8 36. Kg2 hxg3 37. fxg3 Kf8 38. c4 dxc4 39. Bxc4 Bd4 40. Qf3
Bxh3+ 0-1

[Event "ch-Lisboa"]
[Site "Lisboa"]
[Date "2017.05.18"]
[Round "1.8"]
[White "Morais, Vitor Mestre"]
[Black "Vieira, Vitor Mendes"]
[Result "1-0"]
[WhiteElo "1912"]
[BlackElo "1462"]
[PlyCount "111"]
[EventDate "2017.05.18"]
[EventType "swiss"]
[EventRounds "7"]
[EventCountry "POR"]

1. c4 Nf6 2. Nc3 e6 3. g3 b6 4. Bg2 c6 5. e3 d5 6. cxd5 exd5 7. Nge2 Bd6 8. O-O
O-O 9. d4 Re8 10. b3 Ba6 11. Re1 Nbd7 12. Bb2 Rc8 13. Rc1 b5 14. a4 Bb4 15. Ra1
Qb6 16. Nc1 Bxc3 17. Bxc3 Ne4 18. Bb2 b4 19. Nd3 Bxd3 20. Qxd3 a5 21. Rac1 Rc7
22. Rc2 Nb8 23. Rec1 Re6 24. f3 Nf6 25. Kh1 Rce7 26. Re2 Qa6 27. Qd2 Rc7 28. e4
dxe4 29. fxe4 Rce7 30. e5 Ne8 31. Rf2 Nc7 32. Bf1 Qb7 33. Kg1 Rd7 34. Bh3 Qb6
35. Bxe6 Nxe6 36. Rc4 h6 37. Qe3 Qd8 38. h4 Qe7 39. Qe4 Nc7 40. Re2 Qe6 41. Kg2
Re7 42. Re3 Nd5 43. Rf3 Nd7 44. Rc1 N7f6 45. Qd3 Nh5 46. Rcf1 Qg4 47. Kh2 Nxg3
48. Rxg3 Qxh4+ 49. Kg1 Nf4 50. Rxf4 Qxf4 51. Qf3 Qd2 52. Qg2 Qd1+ 53. Kh2 Qh5+
54. Qh3 Qe2+ 55. Rg2 Qf1 56. Rxg7+ 1-0

[Event "ch-Lisboa"]
[Site "Lisboa"]
[Date "2017.05.18"]
[Round "1.9"]
[White "Ferreira, Miguel Limao"]
[Black "Santos, Julio Fernandes"]
[Result "1-0"]
[WhiteElo "1455"]
[BlackElo "1905"]
[PlyCount "63"]
[EventDate "2017.05.18"]
[EventType "swiss"]
[EventRounds "7"]
[EventCountry "POR"]

1. e4 e5 2. Nf3 Nc6 3. d4 exd4 4. Nxd4 Bc5 5. Nxc6 Qf6 6. Qd2 dxc6 7. Nc3 Bd7
8. Bd3 O-O-O 9. O-O Bb4 10. a3 Ba5 11. b4 Bb6 12. Rb1 Qe7 13. Na4 Bd4 14. Bb2
Bxb2 15. Nxb2 Nf6 16. Qe3 Rhe8 17. Qxa7 Be6 18. Rbd1 Nd7 19. Na4 c5 20. Qa8+
Nb8 21. Nxc5 c6 22. Na6 Qd6 23. Be2 Bd5 24. exd5 cxd5 25. Bg4+ Re6 26. Bxe6+
fxe6 27. Qxb8+ Qxb8 28. Nxb8 Kxb8 29. Rfe1 Rd6 30. c4 d4 31. c5 Ra6 32. Rd3 1-0

[Event "ch-Lisboa"]
[Site "Lisboa"]
[Date "2017.05.18"]
[Round "1.10"]
[White "Lavrador, Rodolfo Manuel"]
[Black "Costa, Raul David Andrade"]
[Result "1-0"]
[WhiteElo "1854"]
[BlackElo "1369"]
[PlyCount "92"]
[EventDate "2017.05.18"]
[EventType "swiss"]
[EventRounds "7"]
[EventCountry "POR"]

1. e4 e5 2. Nf3 Nc6 3. Bb5 Nf6 4. O-O d6 5. d4 Bd7 6. Re1 Nxd4 7. Nxd4 exd4 8.
Bxd7+ Nxd7 9. Qxd4 Qf6 10. Qa4 c6 11. c3 Nc5 12. Qc2 O-O-O 13. b4 Nd7 14. Be3
Kb8 15. Nd2 Qe6 16. Qa4 d5 17. Qb3 dxe4 18. Nxe4 Ne5 19. Ng3 Bd6 20. Rad1 Ng4
21. Bd4 h5 22. c4 h4 23. Nf1 h3 24. g3 Qf5 25. c5 Bc7 26. f3 Ne5 27. f4 Ng4 28.
Re7 Rhf8 29. Bxg7 Rxd1 30. Qxd1 Rd8 31. Qe2 Qd5 32. Ne3 Nxe3 33. Rxe3 b6 34.
Be5 Bxe5 35. Rxe5 Qd4+ 36. Kf1 Qa1+ 37. Kf2 Qd4+ 38. Kf3 Qc3+ 39. Kg4 Rg8+ 40.
Kxh3 Rh8+ 41. Kg4 Qxb4 42. Re8+ Rxe8 43. Qxe8+ Kb7 44. Qxf7+ Ka6 45. cxb6 axb6
46. Qe8 c5 1-0

[Event "ch-Lisboa"]
[Site "Lisboa"]
[Date "2017.05.18"]
[Round "1.12"]
[White "Marques, Carlos Filipe Ferna"]
[Black "Lixa, Alberto"]
[Result "1-0"]
[WhiteElo "1815"]
[BlackElo "1275"]
[PlyCount "53"]
[EventDate "2017.05.18"]
[EventType "swiss"]
[EventRounds "7"]
[EventCountry "POR"]

1. e4 c5 2. Bc4 e6 3. a4 a6 4. f4 Nc6 5. Nf3 Na5 6. Ba2 Nc6 7. O-O g6 8. d3 Bg7
9. f5 Nf6 10. e5 Nd5 11. f6 Nxf6 12. exf6 Bxf6 13. Nc3 O-O 14. Ne4 Bg7 15. c3
d6 16. Bg5 Qc7 17. Bf6 b6 18. Bxg7 Kxg7 19. Nfg5 Ne5 20. d4 d5 21. Nf6 Nc6 22.
Qf3 h6 23. Nh5+ gxh5 24. Qf6+ Kg8 25. Qxh6 Rd8 26. Qh7+ Kf8 27. Rxf7+ 1-0

[Event "ch-Lisboa"]
[Site "Lisboa"]
[Date "2017.05.18"]
[Round "1.13"]
[White "Maissa, Susana Flora Cesana"]
[Black "Elias, Ruben Joel Monteiro"]
[Result "0-1"]
[WhiteElo "1160"]
[BlackElo "1812"]
[PlyCount "62"]
[EventDate "2017.05.18"]
[EventType "swiss"]
[EventRounds "7"]
[EventCountry "POR"]

1. d4 Nf6 2. Nf3 g6 3. c4 Bg7 4. e3 O-O 5. Bd3 d6 6. h3 Nbd7 7. O-O e5 8. e4
Re8 9. Re1 exd4 10. Nxd4 Nc5 11. Bg5 h6 12. Bh4 g5 13. Bg3 Nfxe4 14. Bxe4 Nxe4
15. Re3 Nxg3 16. Rxg3 c5 17. Nc6 bxc6 18. Rb3 Be6 19. Nd2 d5 20. Rc1 dxc4 21.
Rf3 Bxb2 22. Rc2 Bg7 23. Qf1 c3 24. Ne4 Bd5 25. Nxc3 Bxf3 26. gxf3 Bxc3 27.
Rxc3 Qd2 28. Rxc5 Re1 29. Qxe1 Qxe1+ 30. Kg2 Rd8 31. Rxc6 Rd1 0-1

[Event "ch-Lisboa"]
[Site "Lisboa"]
[Date "2017.05.25"]
[Round "2.1"]
[White "Carneiro, Carlos Alberto Carv"]
[Black "Marques, Carlos Filipe Ferna"]
[Result "1-0"]
[WhiteElo "2166"]
[BlackElo "1815"]
[PlyCount "67"]
[EventDate "2017.05.18"]
[EventType "swiss"]
[EventRounds "7"]
[EventCountry "POR"]

1. d4 d5 2. c4 e6 3. Nc3 Nf6 4. Nf3 Be7 5. Bf4 O-O 6. e3 c6 7. cxd5 exd5 8. Qc2
Nbd7 9. Bd3 h6 10. O-O Nh5 11. Be5 f6 12. Bg3 Nxg3 13. hxg3 Nb6 14. Nh4 Bg4 15.
Bh7+ Kh8 16. Ng6+ Kxh7 17. Nxf8+ Kg8 18. Ng6 Bh5 19. Nxe7+ Qxe7 20. Na4 Nc4 21.
b3 Nd6 22. Qc5 Qd7 23. Nc3 a5 24. e4 Bf7 25. exd5 cxd5 26. Rac1 b5 27. Nxd5 Ne4
28. Ne7+ Kh8 29. Qc6 Qxc6 30. Rxc6 a4 31. d5 Ra7 32. Nc8 Rd7 33. Nb6 Bxd5 34.
Rc8+ 1-0

[Event "ch-Lisboa"]
[Site "Lisboa"]
[Date "2017.05.25"]
[Round "2.2"]
[White "Elias, Ruben Joel Monteiro"]
[Black "Eggert, Alberto"]
[Result "1/2-1/2"]
[WhiteElo "1812"]
[BlackElo "2110"]
[PlyCount "76"]
[EventDate "2017.05.18"]
[EventType "swiss"]
[EventRounds "7"]
[EventCountry "POR"]

1. e4 d5 2. exd5 Qxd5 3. Nc3 Qd8 4. d4 Nf6 5. Nf3 e6 6. Bd3 c5 7. O-O cxd4 8.
Nxd4 Bc5 9. Nb3 Be7 10. Re1 O-O 11. Bf4 Nc6 12. Qe2 Nb4 13. Bb5 Nbd5 14. Nxd5
Nxd5 15. Bg3 Bd7 16. Bxd7 Qxd7 17. Rad1 Qc6 18. Nd4 Qb6 19. c4 Nf6 20. a3 Rfd8
21. Nf3 a5 22. Be5 Ng4 23. Bd4 Qc7 24. h3 Nf6 25. Ne5 Ra6 26. Bc3 a4 27. Rxd8+
Qxd8 28. Rd1 Rd6 29. Rxd6 Bxd6 30. Qd1 Ne4 31. Bb4 Qb6 32. Bxd6 Nxd6 33. Qxa4
h6 34. Qa8+ Kh7 35. Nd7 Qxb2 36. Nf8+ Kg8 37. Nxe6+ Kh7 38. Nf8+ Kg8 1/2-1/2

[Event "ch-Lisboa"]
[Site "Lisboa"]
[Date "2017.05.25"]
[Round "2.3"]
[White "Pires, Emanuel Joao Robart"]
[Black "Aguiar, Carlos Alberto Bran"]
[Result "1-0"]
[WhiteElo "2070"]
[BlackElo "1791"]
[PlyCount "73"]
[EventDate "2017.05.18"]
[EventType "swiss"]
[EventRounds "7"]
[EventCountry "POR"]

1. e4 d6 2. f4 e5 3. Nf3 Bg4 4. Bc4 Bxf3 5. Qxf3 Nf6 6. Qb3 d5 7. Qxb7 dxc4 8.
Qxa8 Bc5 9. Nc3 O-O 10. b4 Bb6 11. Bb2 Ng4 12. O-O-O Nf2 13. fxe5 Bd4 14. Qd5
Bxc3 15. Bxc3 Qg5 16. Qxc4 Nxh1 17. Rxh1 Qxg2 18. Rf1 Qg6 19. Qxc7 Qxe4 20. Rg1
g6 21. Qxa7 Nc6 22. Qc5 Nd8 23. Qd4 Qb7 24. e6 f6 25. Re1 Qe7 26. Qd7 Re8 27.
d4 Qxd7 28. exd7 Rxe1+ 29. Bxe1 Kf7 30. b5 Ke7 31. Ba5 Kxd7 32. Bxd8 Kxd8 33.
a4 g5 34. a5 f5 35. d5 g4 36. a6 Kc8 37. d6 1-0

[Event "ch-Lisboa"]
[Site "Lisboa"]
[Date "2017.05.25"]
[Round "2.5"]
[White "Santos, Jose Guilherme B Li"]
[Black "Alves, Luis Miguel"]
[Result "1-0"]
[WhiteElo "1956"]
[BlackElo "1687"]
[PlyCount "91"]
[EventDate "2017.05.18"]
[EventType "swiss"]
[EventRounds "7"]
[EventCountry "POR"]

1. e4 g6 2. d4 c5 3. Nf3 Bg7 4. Nc3 cxd4 5. Nxd4 Nc6 6. Be3 d6 7. Bc4 Nf6 8. f3
O-O 9. Qd2 Re8 10. O-O-O Na5 11. Bb3 Nxb3+ 12. axb3 a6 13. Kb1 b5 14. g4 Bb7
15. h4 b4 16. Na4 Qa5 17. h5 e6 18. hxg6 fxg6 19. Ne2 d5 20. Bb6 Qb5 21. Nd4
Qd7 22. e5 Qf7 23. exf6 Qxf6 24. g5 Qf7 25. Rde1 e5 26. Qh2 Bh8 27. Ne2 d4 28.
Ref1 Bc6 29. Bc5 Rab8 30. Nc1 Rb5 31. Nd3 Rb7 32. Bd6 Bxa4 33. bxa4 b3 34. cxb3
Qxb3 35. Nc5 Qd5 36. Nxb7 Qxb7 37. Rc1 Qd7 38. Rc7 Qf5+ 39. Ka1 h5 40. gxh6 Bf6
41. Qh3 Qxh3 42. Rxh3 d3 43. Bb4 Kh8 44. Bd2 Rb8 45. Rf7 Bd8 46. Bc3 1-0

[Event "ch-Lisboa"]
[Site "Lisboa"]
[Date "2017.05.25"]
[Round "2.6"]
[White "Santos, Micael"]
[Black "Ferreira, Miguel Limao"]
[Result "1/2-1/2"]
[WhiteElo "1940"]
[BlackElo "1455"]
[PlyCount "140"]
[EventDate "2017.05.18"]
[EventType "swiss"]
[EventRounds "7"]
[EventCountry "POR"]

1. e4 c5 2. c3 d5 3. exd5 Qxd5 4. d4 Nc6 5. Nf3 Bg4 6. Be2 cxd4 7. cxd4 e6 8.
Nc3 Qa5 9. O-O Nf6 10. Bf4 Nd5 11. Bg3 a6 12. Ne4 Rd8 13. Qb3 Qb4 14. Qd3 Bxf3
15. Bxf3 Nxd4 16. Bh5 Nf5 17. Qf3 Be7 18. Be5 O-O 19. Rad1 Bd6 20. Nxd6 Nxd6
21. Rd4 Qb5 22. a4 Qc6 23. Rg4 Nf5 24. Qxf5 exf5 25. Rxg7+ Kh8 26. Rxf7+ Kg8
27. Rg7+ Kh8 28. Rc7+ Kg8 29. Rxc6 bxc6 30. Rc1 Nb4 31. Rc3 Rd3 32. Rc4 Rfd8
33. f4 a5 34. Rc5 R8d5 35. Rc4 Rd2 36. Bf3 Rd8 37. Rc5 Nd3 38. Rxa5 Nxe5 39.
Rxe5 Rxb2 40. Rxf5 Rc8 41. Rc5 Rb4 42. Bxc6 Kh8 43. a5 Rxf4 44. a6 Ra4 45. Bxa4
Rxc5 46. Bd7 Ra5 47. Bc8 Kg7 48. Kf2 Kf6 49. Ke3 Ke5 50. Bb7 Ra3+ 51. Kf2 Kf4
52. g3+ Ke5 53. Kg2 Kf5 54. h4 Kg4 55. Bc8+ Kh5 56. Bb7 Kg4 57. Bc8+ Kh5 58.
Kf2 Kg6 59. Bb7 Kf5 60. Bc8+ Ke4 61. Kg2 Ke3 62. Bb7 Ra2+ 63. Kh3 Kf2 64. Kh2
h5 65. Kh3 Ra3 66. Kh2 Kf1 67. Bg2+ Kf2 68. Bb7 Kf1 69. Bg2+ Kf2 70. Bb7 Kf1
1/2-1/2

[Event "ch-Lisboa"]
[Site "Lisboa"]
[Date "2017.05.25"]
[Round "2.7"]
[White "Goncalves, Carlos Manuel Marq"]
[Black "Morais, Vitor Mestre"]
[Result "1/2-1/2"]
[WhiteElo "1690"]
[BlackElo "1912"]
[PlyCount "71"]
[EventDate "2017.05.18"]
[EventType "swiss"]
[EventRounds "7"]
[EventCountry "POR"]

1. e4 c5 2. Nf3 d6 3. Bb5+ Nd7 4. c3 a6 5. Ba4 b5 6. Bc2 Bb7 7. d3 Ngf6 8. h3
g6 9. Bg5 Bg7 10. Nbd2 h6 11. Bf4 O-O 12. O-O e5 13. Bh2 Re8 14. a4 Rc8 15.
axb5 axb5 16. Re1 Qb6 17. Nf1 Nf8 18. Ne3 Ne6 19. Bb3 Nf4 20. Qd2 Nxd3 21.
Bxf7+ Kxf7 22. Qxd3 c4 23. Qe2 Bxe4 24. Ng4 Bd3 25. Qe3 Qxe3 26. Nxe3 Rc7 27.
Ra6 Bf8 28. Rb6 Rc5 29. Ra1 g5 30. Ra7+ Re7 31. Ra5 Rec7 32. Raxb5 Rxb5 33.
Rxb5 Rd7 34. g4 Be4 35. Kg2 Bd3 36. Nd2 1/2-1/2

[Event "ch-Lisboa"]
[Site "Lisboa"]
[Date "2017.05.25"]
[Round "2.8"]
[White "Monteiro, Carlos Alberto C"]
[Black "Lavrador, Rodolfo Manuel"]
[Result "0-1"]
[WhiteElo "1351"]
[BlackElo "1854"]
[PlyCount "118"]
[EventDate "2017.05.18"]
[EventType "swiss"]
[EventRounds "7"]
[EventCountry "POR"]

1. e4 e6 2. d4 d5 3. Bd3 dxe4 4. Bxe4 Nf6 5. Nc3 Bb4 6. Qd3 Nbd7 7. Bd2 O-O 8.
Nf3 c5 9. O-O-O cxd4 10. Nxd4 Nc5 11. Qb5 Bxc3 12. Bxc3 Ncxe4 13. Ne2 Qb6 14.
Qe5 Nxc3 15. Nxc3 Bd7 16. Rd6 Bc6 17. a4 Qxf2 18. Rd2 Qf5 19. Qd6 h6 20. Qg3
Ne4 21. Nxe4 Bxe4 22. Rf2 Qg5+ 23. Qxg5 hxg5 24. Re1 Bc6 25. g3 Bxa4 26. h4
gxh4 27. Re4 hxg3 28. Rff4 Bc6 29. Re3 g2 30. Rg3 f6 31. Kd2 Kf7 32. c4 Rad8+
33. Kc3 Rd1 34. Rfg4 g5 35. b4 g1=Q 36. Rxg1 Rxg1 37. Rxg1 a6 38. Rb1 Rd8 39.
b5 axb5 40. cxb5 Be4 41. Re1 f5 42. Ra1 Rd5 43. Kb4 Bd3 44. b6 Rb5+ 45. Kc3 Be4
46. Kd4 Rxb6 47. Ke5 Rb5+ 48. Kd6 Rd5+ 49. Kc7 Kf6 50. Ra8 g4 51. Rf8+ Ke5 52.
Rg8 Kf4 53. Rg6 e5 54. Rh6 g3 55. Rh5 g2 56. Kxb7 g1=Q 57. Rh7 Rd7+ 58. Kc8
Rxh7 59. Kb8 Qg8# 0-1

[Event "ch-Lisboa"]
[Site "Lisboa"]
[Date "2017.05.25"]
[Round "2.9"]
[White "Fortunato, Antonio Eduardo"]
[Black "Marques, Rui Filipe Pereira"]
[Result "1/2-1/2"]
[WhiteElo "1681"]
[BlackElo "1955"]
[PlyCount "26"]
[EventDate "2017.05.18"]
[EventType "swiss"]
[EventRounds "7"]
[EventCountry "POR"]

1. d4 d5 2. c4 Nc6 3. e3 e5 4. dxe5 d4 5. exd4 Nxd4 6. Nf3 Bc5 7. Be3 Bg4 8.
Bxd4 Bxf3 9. Qxf3 Qxd4 10. Nc3 O-O-O 11. Rd1 Qxe5+ 12. Be2 Rxd1+ 13. Nxd1 Nh6
1/2-1/2

[Event "ch-Lisboa"]
[Site "Lisboa"]
[Date "2017.05.25"]
[Round "2.10"]
[White "Martins, Abilio Morgado"]
[Black "Rocha, Manuel Fernando"]
[Result "0-1"]
[WhiteElo "1528"]
[BlackElo "1790"]
[PlyCount "84"]
[EventDate "2017.05.18"]
[EventType "swiss"]
[EventRounds "7"]
[EventCountry "POR"]

1. c4 c6 2. e4 d5 3. exd5 cxd5 4. cxd5 Qxd5 5. Nc3 Qd8 6. Nf3 Nc6 7. d4 Nf6 8.
h3 g6 9. Bb5 Bd7 10. Be3 Bg7 11. O-O O-O 12. Rc1 Rc8 13. a3 Qa5 14. Be2 Rfd8
15. Qb3 b6 16. Rfd1 Be6 17. Qb5 Nd5 18. Nxd5 Bxd5 19. Qxa5 Nxa5 20. b4 Nb3 21.
Rxc8 Rxc8 22. Ne1 Be4 23. Bd3 Bxd3 24. Rxd3 Nc1 25. Rd2 Kf8 26. Kf1 e6 27. g4
Ke7 28. a4 Kd6 29. Nf3 Kd5 30. Kg2 Rc4 31. Rb2 Nd3 32. Rb3 Nc1 33. Bxc1 Rxc1
34. a5 Bxd4 35. axb6 axb6 36. Rd3 e5 37. Ra3 Rc2 38. Nxd4 exd4 39. Ra6 Rc6 40.
Ra8 d3 41. Kf3 Re6 42. Ra1 Kd4 0-1

[Event "ch-Lisboa"]
[Site "Lisboa"]
[Date "2017.05.25"]
[Round "2.11"]
[White "Santos, Julio Fernandes"]
[Black "Mouquinho, Jose Francisco B"]
[Result "1-0"]
[WhiteElo "1905"]
[BlackElo "1473"]
[PlyCount "43"]
[EventDate "2017.05.18"]
[EventType "swiss"]
[EventRounds "7"]
[EventCountry "POR"]

1. e4 e5 2. Nf3 Nc6 3. Bb5 d6 4. O-O Be7 5. d4 exd4 6. Bxc6+ bxc6 7. Nxd4 Bd7
8. c4 Nf6 9. Re1 O-O 10. e5 dxe5 11. Rxe5 Bd6 12. Re1 Bxh2+ 13. Kxh2 Ng4+ 14.
Kg3 h5 15. Nf3 Re8 16. Rh1 g6 17. Nc3 Ne5 18. Bg5 Qc8 19. Qd4 Nxf3 20. gxf3 Kh7
21. Qf6 Be6 22. Rxh5+ 1-0